| 000 | 00624cam a2200205 a 4500 | ||
|---|---|---|---|
| 001 | 000018854 | ||
| 005 | 20200929165852.0 | ||
| 008 | 820308s1966 sp 000 f spa d | ||
| 040 |
_aDO-SdBNP _bspa _cDLC _dBNPHU |
||
| 082 |
_a863.64 _bC973c, 1966 |
||
| 100 | 1 |
_aCunqueiro, Álvaro, _d1911-1981. _940621 |
|
| 245 | 1 | 4 |
_aLas crónicas del sochantre / _cÁlvaro Cunqueiro. |
| 250 | _a2a ed. | ||
| 260 |
_aBarcelona, España : _bEdiciones Destino, _c1966. |
||
| 300 |
_a190 p. ; _c19 cm. |
||
| 650 | 4 |
_aLiteratura española _9632 |
|
| 650 | 4 |
_aNovela española _91123 |
|
| 910 | _aCatalogación derivada / LC | ||
| 049 | _aBNGR | ||
| 999 |
_c18373 _d18373 |
||